| 000 | 00357 a2200157 4500 | ||
|---|---|---|---|
| 001 | 182660 | ||
| 020 | _a85-01-04975-1 | ||
| 040 | _cMagnum | ||
| 100 | _aAmado, Jorge | ||
| 240 | 1 | 0 |
_aFarda fardao camisola de dormir _lpor |
| 245 | 1 | 0 | _aFarda fardao camisola de dormir |
| 300 | _a240 | ||
| 362 | 0 | _a2001 | |
| 697 | _aLITERATURA BRASILEIRA | ||
| 942 | _cBK | ||
| 999 |
_c182660 _d182660 |
||